00603nam a2200133Ia 4500008004100000100002700041245015500068260005100223300001100274650002300285856006900308999001900377952007300396160712s9999 xx 000 0 und d aVenus-Maslang, Editha. cEditha Venus-MaslangaEmerging Roles of Non-Government and Community-Based Organizations in Social Development: Some Case Studies Focusing on Children c2013bPhilippine Journal of Social Development avol. 5 xSOCIAL DEVELOPMENT uhttp://journals.upd.edu.ph/index.php/pjsd/issue/view/415/showToc c297374d297374 001040aCLbCLd2016-07-12l0r2016-07-12 00:00:00w2016-07-12yFEJ